Normal view
MARC view
- Emam abu al Muslim ibn al-Ḥajjāj al-Qushayrī,
Entry Personal Name
001 - CONTROL NUMBER
- control field: 7528
003 - CONTROL NUMBER IDENTIFIER
- control field: NUST
005 - DATE AND TIME OF LATEST TRANSACTION
- control field: 20171222152508.0
008 - FIXED-LENGTH DATA ELEMENTS
- fixed length control field: 171222|| aca||aabn | a|a d
040 ## - CATALOGING SOURCE
- Original cataloging agency: NUST
- Transcribing agency: NUST
100 ## - HEADING--PERSONAL NAME
- Personal name: Emam abu al Muslim ibn al-Ḥajjāj al-Qushayrī,
- Dates associated with a name: approximately 821-875.
670 ## - SOURCE DATA FOUND
- Source citation: Work cat.: (NUST)0: Emam abu al Muslim ibn al-Ḥajjāj al-Qushayrī, approximately 821-875., Ṣaḥiḥ Muslim. vol-1-2., 2000
